000 nam a22 7a 4500
999 _c8153
_d8153
008 171201b xxu||||| |||| 00| 0 eng d
020 _a9789470421376
100 _aPolenz, Katherine
_94590
245 _aVegiterian Cooking
260 _aNew Jersey
_bJohn wisley and sons
_c2012